000 01135nam a22002657a 4500
999 _c7510
_d7510
003 AR-CdUCM
008 190320b ||||| |||| 00| 0 spa d
040 _aMUNICIPALIDAD PROVINCIAL DEL CUSCO
_cBIBLIOTECA MUNICIPAL DEL CUSCO
041 _heng
082 _a630.8 /
_bIN53
110 _aServicio de conservación de suelos departamento de Agricultura de los Estados Unidos de América.
_921034
245 _aIngeniería Geológica /
260 _aMéxico D. F. :
_bDiana,
_c1972.
300 _a86 páginas ;
_bfiguras,
_c23 cm.
440 _aColección Ingeniería de suelos.
_n9
_921199
500 _aManual de Ingeniería de suelos, colección 8: Ingeniería Geológica.
505 _aContenido: Muestras: Definición de las necesidades del muestreo -- Muestras no alteradas -- Muestras alteradas -- Figuras -- Tablas -- Registro de barrenos de prueba ...
650 _aGeología
_917044
650 _aExploración de suelos
_921200
650 _aIngeniería
_910043
700 _aPalenzuela, Joaquín (traducción)
_921201
710 _aCentro Regional de Ayuda Técnica AID.
_921038
942 _2ddc
_cLIBROS
945 _aachl